| 000 | 00906cam a22002897a 4500 | ||
|---|---|---|---|
| 003 | CHAP | ||
| 005 | 20220329134529.0 | ||
| 008 | 971013s r 00010 d | ||
| 010 | _a21701 | ||
| 011 | _a22673 | ||
| 035 | _a26768 | ||
| 040 | _cCHAP | ||
| 090 | _aFolleto 11439 | ||
| 110 |
_aAsociación de Bananeros de Uraba. Medellín _97989 |
||
| 245 | 0 | _aManual de labores en la plantación bananera | |
| 260 |
_aMedellin : _bAsociación de Bananeros de Uraba, _c(198?) |
||
| 300 |
_a41 p. _b: ilus |
||
| 590 |
_aBATCH-UPD _b10 _c20130110 _lUCH01 _h2245 |
||
| 590 |
_aBATCH-UPD _b10 _c20130410 _lUCH01 _h1539 |
||
| 590 |
_aBATCH-UPD _b10 _c20130914 _lUCH01 _h1637 |
||
| 590 |
_aCONVERSION _b10 _c20130109 _lUCH01 _h1313 |
||
| 650 | 1 | 4 |
_aIndustria platanera. _957912 |
| 650 | 1 | 4 |
_aPlátano _xColombia. _989220 |
| 901 | _aBK | ||
| 942 | _cFOLL | ||
| 949 |
_aFolleto 11439 _bBC _cFOLL _d-61756 _eTS1 _i26768 _mD _si |
||
| 999 |
_c21701 _d21701 |
||